Rate Your Music Bolded Albums - Sudden Death - Statistics

General Stats
  • This quiz has been taken 439 times
  • The average score is 8 of 24
Answers on the Grid
Answers color-coded by a green-red scale on the quiz's grid according to % correct below.
2Pac
ABBA
Aerosmith
Barbra Streisand
The Beatles
Beyoncé
Billy Joel
Bob Dylan
Coldplay
David Bowie
Drake
Eagles
Ed Sheeran
Elvis Presley
Fleetwood Mac
Garth Brooks
Guns n' Roses
Katy Perry
Kendrick Lamar
KISS
Led Zeppelin
Linkin Park
Madonna
Metallica
Michael Jackson
Neil Diamond
Nickelback
Nirvana
One Direction
Pink Floyd
Prince
Queen
Radiohead
Ray Charles
Sabrina Carpenter
Stevie Wonder
Talking Heads
Taylor Swift
Travis Scott
The Weeknd
 
Answer Stats
Answer % Correct
The Beatles
75%
David Bowie
56%
Bob Dylan
53%
2Pac
48%
Radiohead
41%
ABBA
40%
Fleetwood Mac
40%
Nirvana
39%
Kendrick Lamar
38%
Pink Floyd
38%
Led Zeppelin
37%
Metallica
37%
Michael Jackson
37%
Talking Heads
37%
Beyoncé
34%
Stevie Wonder
34%
Prince
32%
Queen
26%
Billy Joel
21%
Coldplay
18%
Travis Scott
17%
Elvis Presley
13%
Madonna
13%
The Weeknd
10%
No matching quizzes found
Score Distribution
Percent of People with Each Score
Percentile by Number Answered
Your Score History
You have not taken this quiz